सुभद्रा कुमारी चौहानःसाहस,स्नेह और संवेदना की अमिट निशानी (Record no. 6051)

MARC details
000 -LEADER
fixed length control field 01269 a2200229 4500
005 - DATE AND TIME OF LATEST TRANSACTION
control field 20080911101442.0
008 - FIXED-LENGTH DATA ELEMENTS--GENERAL INFORMATION
fixed length control field 080911t xxu||||| |||| 00| 0 hin d
010 ## - LIBRARY OF CONGRESS CONTROL NUMBER
LC control number HIN-80526
020 ## - INTERNATIONAL STANDARD BOOK NUMBER
Terms of availability 50.00
035 ## - SYSTEM CONTROL NUMBER
System control number HN-52872
037 ## - SOURCE OF ACQUISITION
Source of stock number/acquisition D.B.Act / pub
082 ## - DEWEY DECIMAL CLASSIFICATION NUMBER
Classification number 821.092
100 ## - MAIN ENTRY--PERSONAL NAME
Personal name रेशमा भारती
245 ## - TITLE STATEMENT
Title सुभद्रा कुमारी चौहानःसाहस,स्नेह और संवेदना की अमिट निशानी
Statement of responsibility, etc रेशमा भारती तथा मधु डोगरा
246 ## - VARYING FORM OF TITLE
Title proper/short title Subhdra Kumari Chunhan
Remainder of title by Reshma Bharti&Madhu Dogara
260 ## - PUBLICATION, DISTRIBUTION, ETC. (IMPRINT)
Place of publication, distribution, etc नई दिल्ली
Name of publisher, distributor, etc भारत डोगरा
Date of publication, distribution, etc 2006
270 ## - ADDRESS
Address सोशल चेंज पेपर्स,सी-27, रक्षा कुंज, पश्चिम विहार
City नई दिल्ली
Postal code 110063
Telephone number 25255303
300 ## - PHYSICAL DESCRIPTION
Extent 67पृ
Dimensions 20सेमी(अजिल्द)
700 ## - ADDED ENTRY--PERSONAL NAME
Personal name डोगरा, मधु
942 ## - ADDED ENTRY ELEMENTS (KOHA)
Institution code [OBSOLETE] dpl
Koha item type Hindi Books
Call number prefix 821.092 / रेशमा
Source of classification or shelving scheme Dewey Decimal Classification
Classification part 821.092
Call number suffix रेशमा
Holdings
Withdrawn status Lost status Damaged status Not for loan Home library Current library Date acquired Cost, normal purchase price Total Checkouts Full call number Barcode Date last seen Copy number Uniform Resource Identifier Cost, replacement price Price effective from Koha item type
        D.B.Act.Division D.B.Act.Division 11/09/2008 50.00   821.092 रेशमा HIN-52872 15/09/2008 1 6487 50.00 15/09/2008 Hindi Books

© Delhi Public Library
Hit Counter
free hit counter